000 00359nam a2200145Ia 4500
003 LK-CoDNM
008 010623t1923 xxu||||| |||| 00| 1 eng d
040 _aLK-CoDNM
_dLK-CoDNM
_eLK-CoDNM
041 _aeng
080 _a20 G 26
245 _aPlate's Ceylon annual,1923
260 _bPlate Ltd
_aColpetty
_c1923
300 _b80p,27ill,pl., 26 cm
942 _cBK
999 _c91541
_d91541